Catálogo - Centro de Recursos para el Aprendizaje y la Investigación

Volver al Sitio - CRAI Biblioteca

Imágenes constanceras : (Registro nro. 113489)

Detalles MARC
000 -CABECERA
campo de control de longitud fija 01771nam a2200313 4500
001 - NÚMERO DE CONTROL
campo de control 113489
003 - IDENTIFICADOR DEL NÚMERO DE CONTROL
campo de control DR-UNIBE
005 - FECHA Y HORA DE LA ÚLTIMA TRANSACCIÓN
campo de control 20260529114611.0
008 - DATOS DE LONGITUD FIJA--INFORMACIÓN GENERAL
campo de control de longitud fija 250428b2024 dr ||||| |||| 00| 0 spa d
020 ## - NÚMERO INTERNACIONAL ESTÁNDAR DEL LIBRO
Número Internacional Estándar del Libro 9789945251036
040 ## - FUENTE DE LA CATALOGACIÓN
Centro catalogador/agencia de origen BIBLIOTECA UNIBE
Centro/agencia transcriptor BIBLIOTECA UNIBE
Lengua de catalogación spa
Normas de descripción rda
041 ## - CÓDIGO DE LENGUA
Código de lengua del texto/banda sonora o título independiente spa
082 ## - NÚMERO DE LA CLASIFICACIÓN DECIMAL DEWEY
Número de edición 22
Número de clasificación R RD 972.93697 C343i
100 10 - ENTRADA PRINCIPAL--NOMBRE DE PERSONA
Nombre de persona Cassá, Constancio,
Fechas asociadas al nombre 1953-
Forma completa/desarrollada del nombre (Cassá Bernaldo de Quirós, Constancio José)
Títulos y otros términos asociados al nombre autor
9 (RLIN) 194585
245 10 - MENCIÓN DE TÍTULO
Título Imágenes constanceras :
Resto del título 1909-2000 /
Mención de responsabilidad, etc. Constancio Cassá y Teruki Waki ; diagramación : Juan Francisco Domínguez Novas ; diseño de cubierta : Juan F. Domínguez Novas y Éngely Fuma Santana
250 ## - MENCIÓN DE EDICIÓN
Mención de edición Primera edición
260 ## - PUBLICACIÓN, DISTRIBUCIÓN, ETC.
Lugar de publicación, distribución, etc. Santo Domingo :
Nombre del editor, distribuidor, etc. Archivo General de la Nación (AGN),
Fecha de publicación, distribución, etc. 2024
300 ## - DESCRIPCIÓN FÍSICA
Extensión 340 páginas :
Otras características físicas fotos b/n ;
Dimensiones 21 x 30 cm
490 ## - MENCIÓN DE SERIE
Mención de serie Archivo General de la Nación ;
Designación de volumen o secuencia 487
500 ## - NOTA GENERAL
Nota general Comentario de la obra en las solapas. Cubierta: fotografías del pueblo de Constanza en 1930, Departamento de Cultura del Ayuntamiento de Constanza, colaboración de Elísa Rodríguez
505 ## - NOTA DE CONTENIDO CON FORMATO
Nota de contenido con formato Breve historia de Constanza.<br/>Introducción |<br/>Población del Valle, vida cotidiana y tradiciones |<br/>Clima |<br/>Recursos naturales |<br/>Acontecimientos políticos |<br/>A modo de aclaración |<br/>Fotografías |<br/>Referencias
651 #7 - PUNTO DE ACCESO ADICIONAL DE MATERIA--NOMBRE GEOGRÁFICO
Fuente del encabezamiento o término lemb
Nombre geográfico Constanza (municipio)
Subdivisión general Historia
Subdivisión geográfica República Dominicana
9 (RLIN) 194586
700 10 - PUNTO DE ACCESO ADICIONAL--NOMBRE DE PERSONA
Nombre de persona Waki, Teruki
9 (RLIN) 194582
Término indicativo de función/relación autor
700 10 - PUNTO DE ACCESO ADICIONAL--NOMBRE DE PERSONA
Nombre de persona Domínguez Novas, Juan Francisco
9 (RLIN) 127336
Término indicativo de función/relación diagramador
-- diseñador de cubierta
700 10 - PUNTO DE ACCESO ADICIONAL--NOMBRE DE PERSONA
Nombre de persona Fuma Santana, Engely
9 (RLIN) 147940
Término indicativo de función/relación diseñador de cubierta
700 10 - PUNTO DE ACCESO ADICIONAL--NOMBRE DE PERSONA
Nombre de persona Rodríguez, Elisa
9 (RLIN) 194583
Término indicativo de función/relación colaborador
710 10 - PUNTO DE ACCESO ADICIONAL--NOMBRE DE ENTIDAD CORPORATIVA
Nombre de entidad corporativa o nombre de jurisdicción como elemento de entrada Ayuntamiento de Constanza.
Unidad subordinada Departamento de Cultura
9 (RLIN) 194584
Término indicativo de función/relación fotografías
942 ## - ELEMENTOS DE PUNTO DE ACCESO ADICIONAL (KOHA)
Fuente del sistema de clasificación o colocación Sistema de Clasificación Decimal Dewey
Tipo de ítem Koha Libro (general)
Existencias
Estado de retiro Estado de pérdida Fuente del sistema de clasificación o colocación No para préstamo Código de colección Localización permanente Fecha de adquisición Total de préstamos Signatura topográfica completa Código de barras Fecha visto por última vez Número de copia Precio válido a partir de Tipo de ítem Koha
  Disponible Sistema de Clasificación Decimal Dewey   General - Libros dominicanos Biblioteca Central UNIBE 28/04/2025   R RD 972.93697 C343i 250468 28/04/2025 Ej. 1 28/04/2025 Libro (general)
  Disponible Sistema de Clasificación Decimal Dewey   General - Libros dominicanos Biblioteca Central UNIBE 28/04/2025   R RD 972.93697 C343i 250469 28/04/2025 Ej. 2 28/04/2025 Libro (general)